000 00451nam a2200193Ia 4500
005 20250603145738.0
008 250603s9999 xx 000 0 und d
020 _a9781466552098
050 _aTA 710 .P69/
100 _aPowrie William
245 0 _aSoil mechanics: concepts and applications
250 _a3rd ed.
260 _aNew york
260 _bCRC Press
260 _c2018
300 _a643 p
650 _aNew york
942 _cBK
999 _c42731
_d42731